Cartilla de seguridad social y pensiones / (Registro nro. 6795)

Detalles MARC
000 -LEADER
fixed length control field 00709cam a2200241 a 4500
003 - CONTROL NUMBER IDENTIFIER
control field OSt
005 - DATE AND TIME OF LATEST TRANSACTION
control field 20200812160636.0
008 - FIXED-LENGTH DATA ELEMENTS--GENERAL INFORMATION
fixed length control field 990527t2011 ck fr 000 0 spa d
020 ## - INTERNATIONAL STANDARD BOOK NUMBER
International Standard Book Number 9789586538954
040 ## - CATALOGING SOURCE
Original cataloging agency CO-BoPUJ
Transcribing agency CO-JMCR
041 0# - LANGUAGE CODE
Language code of text/sound track or separate title spa
082 04 - DEWEY DECIMAL CLASSIFICATION NUMBER
Classification number 344.02 /
Item number C718c
Edition number 19
110 10 - MAIN ENTRY--CORPORATE NAME
Corporate name or jurisdiction name as entry element Colombia
9 (RLIN) 8040
240 10 - UNIFORM TITLE
Uniform title Leyes, etc.
245 10 - TITLE STATEMENT
Title Cartilla de seguridad social y pensiones /
250 ## - EDITION STATEMENT
Edition statement 18a. edición
260 ## - PUBLICATION, DISTRIBUTION, ETC.
Place of publication, distribution, etc. Bogotá :
Name of publisher, distributor, etc. Legis,
Date of publication, distribution, etc. ©2011
300 ## - PHYSICAL DESCRIPTION
Extent 264 páginas ;
Dimensions 27 cm.
650 14 - SUBJECT ADDED ENTRY--TOPICAL TERM
Topical term or geographic name entry element Seguridad social
General subdivision legislación
Geographic subdivision Colombia
9 (RLIN) 7810
650 24 - SUBJECT ADDED ENTRY--TOPICAL TERM
Topical term or geographic name entry element Pensiones
Geographic subdivision Colombia
9 (RLIN) 8670
650 24 - SUBJECT ADDED ENTRY--TOPICAL TERM
Topical term or geographic name entry element Sistema general de seguridad social en salud
Geographic subdivision Colombia
9 (RLIN) 7812
942 ## - ADDED ENTRY ELEMENTS (KOHA)
Source of classification or shelving scheme Dewey Decimal Classification
Koha item type Books
Existencias
Withdrawn status Lost status Source of classification or shelving scheme Damaged status Not for loan Collection code Home library Current library Date acquired Source of acquisition Total Checkouts Full call number Barcode Date last seen Date last checked out Copy number Price effective from Koha item type
    Dewey Decimal Classification     Non-fiction Biblioteca Pública José María del Castillo y Rada Biblioteca Pública José María del Castillo y Rada 04/15/2018 Donación 2 344.02 / C718c 430007303 09/19/2025 09/19/2025 Ej.1 08/12/2020 Books